000 01294cam a2200241 4500
001 ABS63805
008 000000n2000 000 0 eng u
035 _a(Sirsi) u112098
100 _aHenchie, N.
245 _aFIDIC Conditions of contract for EPC turnkey projects - the silver book problems in store?
260 _c2000
490 _aInternational Construction Law Review
_v18(1) January 2001, 41-55(15)
520 _aReviews Fidic's "Conditions of Contract for EPC Turnkey Contracts" (known as the Silver Book) explaining the circumstances for using this contract. Discusses the allocation of risk, unforeseen ground conditions, site data, fitness for purpose, employer's control, claims and the role of the Dispute Adjudication Board . Looks at the 'Silver Book' under English Law with particular reference to fitness for purpose, consequential loss and delay damages.
590 _aABS
650 _aBUILT ENVIRONMENT-BUILDING CONTRACT FORMS-STANDARD FORMS OF BUILDING CONTRACT-INTERNATIONAL FEDERATION OF CONSULTING ENGINEERS CONTRACTS
650 _aINTERNATIONAL LAW
650 _aEPC CONTRACTS
650 _aENGLISH LAW
650 _aALLOCATION OF RISK
650 _aTURNKEY CONTRACTS
690 _aBUILDING AND CONSTRUCTION-CONTRACTS-OTHER CONTRACTS
942 _n0
999 _c66758
_d66758